[Event "IECG TE.2004.P.01406 email"]
[Site "IECG email"]
[Date "2004.03.17"]
[Round "?"]
[White "Mazzoni, Riccardo"]
[Black "Wagle, David"]
[Result "1-0"]
[WhiteElo "1600"]
[BlackElo "1153"]
[PlyCount "37"]
[EventDate "2004.03.17"]
[EventType "tourn (corr)"]
[EventRounds "12"]
[SourceTitle "Corr 2024"]
[Source "ChessBase"]
[SourceDate "2023.10.19"]
[SourceVersion "1"]
[SourceVersionDate "2023.10.19"]
[SourceQuality "1"]

1. d4 Nf6 2. c4 e6 3. Nc3 Bb4 4. f3 c5 5. e3 cxd4 6. exd4 Nc6 7. a3 Ba5 8. b4 Bc7 9. Nge2 d5 10. c5 0-0 11. Be3 a6 12. g3 e5 13. Kf2 e4 14. Bg2 exf3 15. Bxf3 Ng4+ 16. Bxg4 Bxg4 17. Kg2 Re8 18. Qd2 Qe7 19. Kf2 1-0

[Event "IECG TE.2004.P.01406 email"]
[Site "IECG email"]
[Date "2004.03.17"]
[Round "?"]
[White "Wagle, David"]
[Black "Mazzoni, Riccardo"]
[Result "0-1"]
[WhiteElo "1153"]
[BlackElo "1600"]
[PlyCount "36"]
[EventDate "2004.03.17"]
[EventType "tourn (corr)"]
[EventRounds "12"]
[SourceTitle "Corr 2024"]
[Source "ChessBase"]
[SourceDate "2023.10.19"]
[SourceVersion "1"]
[SourceVersionDate "2023.10.19"]
[SourceQuality "1"]

1. d4 Nf6 2. c4 e6 3. Nc3 Bb4 4. f3 c5 5. d5 Bxc3+ 6. bxc3 d6 7. e4 e5 8. Bd3 Nbd7 9. Ne2 h6 10. 0-0 Nf8 11. f4 Ng6 12. f5 Nf8 13. Qe1 N8d7 14. Qg3 Rg8 15. Be3 Qe7 16. a4 a5 17. Rab1 Kd8 18. Qf3 Kc7 0-1